[Event "North County CC op 197th"]
[Site "San Diego"]
[Date "2005.09.16"]
[Round "1"]
[White "Mahaffey, Sam"]
[Black "Ross, Michael"]
[Result "0-1"]
[WhiteElo "1616"]
[BlackElo "1446"]
[PlyCount "84"]
[EventDate "2005.09.16"]
[EventType "swiss"]
[EventRounds "5"]
[EventCountry "USA"]
[SourceTitle "EXT 2009"]
[Source "ChessBase"]
[SourceDate "2008.11.26"]
[SourceVersion "1"]
[SourceVersionDate "2008.11.26"]
[SourceQuality "1"]

1. c4 e5 2. g3 Nf6 3. Bg2 Bc5 4. Nc3 d6 5. e3 0-0 6. Nge2 Nbd7 7. 0-0 c6 8. d4 exd4 9. exd4 Bb4 10. a3 Ba5 11. Bf4 Bc7 12. d5 c5 13. Nb5 Ne5 14. Nxc7 Qxc7 15. b3 Ng6 16. Bc1 Re8 17. Nc3 a6 18. a4 Bd7 19. Bd2 b6 20. Qc2 Ne7 21. Rfe1 Nf5 22. Rxe8+ Rxe8 23. Re1 Rxe1+ 24. Bxe1 Nd4 25. Qd1 Bf5 26. b4 Nc2 27. b5 a5 28. Bd2 Nb4 29. Bf4 Nd3 30. Qd2 Qe7 31. Qe3 Qxe3 32. fxe3 Nxf4 33. gxf4 Bd3 34. Bf1 Ne4 35. Bxd3 Nxc3 36. e4 Kf8 37. e5 Ke7 38. Kg2 h6 39. h4 Nxa4 40. Kf3 Nc3 41. Ke3 a4 42. Bc2 a3 0-1

[Event "North County CC op 196th"]
[Site "San Diego"]
[Date "2005.08.19"]
[Round "3"]
[White "Boyd, James"]
[Black "Mahaffey, Sam"]
[Result "1-0"]
[WhiteElo "1757"]
[BlackElo "1616"]
[PlyCount "89"]
[EventDate "2005.08.05"]
[EventType "swiss"]
[EventRounds "5"]
[EventCountry "USA"]
[SourceTitle "EXT 2009"]
[Source "ChessBase"]
[SourceDate "2008.11.26"]
[SourceVersion "1"]
[SourceVersionDate "2008.11.26"]
[SourceQuality "1"]

1. e4 e6 2. d4 d5 3. exd5 exd5 4. Bd3 Nc6 5. c3 Bd6 6. Ne2 Nge7 7. Nd2 Bf5 8. Qc2 Bxd3 9. Qxd3 a6 10. f4 Qd7 11. Nf3 0-0-0 12. Ne5 Qe8 13. b4 f6 14. Nf3 Na7 15. a4 Qg6 16. Qxg6 Nxg6 17. f5 Ne7 18. Nh4 g5 19. fxg6 hxg6 20. Nf3 g5 21. g3 Rde8 22. Kf2 Ng6 23. Be3 Re6 24. Rae1 Nc6 25. Bd2 g4 26. Nfg1 Kd7 27. h4 Rh5 28. Nf4 Nxf4 29. Bxf4 Rxe1 30. Kxe1 Bxf4 31. gxf4 f5 32. Ne2 Ne7 33. Ng3 Rh6 34. h5 Ke6 35. Kd2 c6 36. Re1+ Kf6 37. Rxe7 Rxh5 38. Re5 Rh3 39. Rxf5+ Ke7 40. Re5+ Kd7 41. Nh5 Rh2+ 42. Kc1 Rh1+ 43. Kb2 Rh2+ 44. Kb3 Rh3 45. Nf6+ 1-0

[Event "North County CC op 194th"]
[Site "San Diego"]
[Date "2005.05.27"]
[Round "2"]
[White "Mahaffey, Sam"]
[Black "Sullivan, Greg"]
[Result "1/2-1/2"]
[WhiteElo "1647"]
[BlackElo "1813"]
[PlyCount "85"]
[EventDate "2005.06.24"]
[EventType "swiss"]
[EventRounds "5"]
[EventCountry "USA"]
[SourceTitle "EXT 2009"]
[Source "ChessBase"]
[SourceDate "2008.11.26"]
[SourceVersion "1"]
[SourceVersionDate "2008.11.26"]
[SourceQuality "1"]

1. c4 c5 2. g3 Nc6 3. Bg2 Nf6 4. Nc3 g6 5. a3 Bg7 6. Rb1 e6 7. b4 cxb4 8. axb4 0-0 9. Nf3 d5 10. cxd5 Nxd5 11. Nxd5 Qxd5 12. 0-0 Qd8 13. d3 a6 14. b5 axb5 15. Rxb5 Ra5 16. Qb3 Rxb5 17. Qxb5 Qa5 18. Qxa5 Nxa5 19. Bd2 Nc6 20. Rb1 Rd8 21. Be3 e5 22. Nd2 f5 23. Nc4 Nd4 24. Bxd4 Rxd4 25. Nb6 Rd8 26. Nxc8 Rxc8 27. Rxb7 Rc1+ 28. Bf1 h5 29. h4 Kf8 30. Rb4 Bf6 31. Kg2 Kf7 32. f4 Be7 33. Ra4 exf4 34. Rxf4 Ke6 35. Kf2 Bd6 36. Rf3 Bc5+ 37. e3 Rc2+ 38. Be2 Bd6 39. Ke1 Bb4+ 40. Kf1 Rc1+ 41. Kg2 Rc2 42. Kf1 Rc1+ 43. Kg2 1/2-1/2

[Event "North County CC op 192nd"]
[Site "San Diego"]
[Date "2005.03.11"]
[Round "2"]
[White "Ross, Michael"]
[Black "Mahaffey, Sam"]
[Result "1-0"]
[WhiteElo "1389"]
[BlackElo "1640"]
[PlyCount "69"]
[EventDate "2005.03.04"]
[EventType "swiss"]
[EventRounds "5"]
[EventCountry "USA"]
[SourceTitle "EXT 2009"]
[Source "ChessBase"]
[SourceDate "2008.11.26"]
[SourceVersion "1"]
[SourceVersionDate "2008.11.26"]
[SourceQuality "1"]

1. d4 d5 2. Nf3 Nf6 3. e3 e6 4. c4 c6 5. Nc3 Nbd7 6. a3 Bd6 7. Be2 dxc4 8. Bxc4 b5 9. Be2 Bb7 10. Qc2 a6 11. Bd3 0-0 12. 0-0 Qe7 13. e4 e5 14. d5 Rac8 15. Qb1 Rfe8 16. Bg5 h6 17. Bh4 Qf8 18. Re1 g5 19. Nxg5 hxg5 20. Bxg5 Nh7 21. Bd2 f6 22. Be2 Qg7 23. Bh5 Re7 24. Re3 Kf8 25. Rg3 Qh8 26. Bh6+ Rg7 27. Bxg7+ Qxg7 28. Rxg7 Kxg7 29. Qd1 Nc5 30. Qg4+ Kh8 31. Qf5 Rg8 32. Bg6 Bc8 33. Qh5 Rg7 34. Bxh7 Rxh7 35. Qe8+ 1-0

[Event "North County CC op 191st"]
[Site "San Diego"]
[Date "2005.01.28"]
[Round "1"]
[White "Hawks, Joe"]
[Black "Mahaffey, Sam"]
[Result "0-1"]
[WhiteElo "1306"]
[BlackElo "1640"]
[PlyCount "136"]
[EventDate "2005.01.28"]
[EventType "swiss"]
[EventRounds "5"]
[EventCountry "USA"]
[SourceTitle "EXT 2009"]
[Source "ChessBase"]
[SourceDate "2008.11.26"]
[SourceVersion "1"]
[SourceVersionDate "2008.11.26"]
[SourceQuality "1"]

1. d4 d5 2. c4 c6 3. Nf3 e6 4. Nc3 dxc4 5. e4 b5 6. a4 Bb4 7. Bd2 a5 8. Be2 Bb7 9. Qc2 Nf6 10. e5 Bxc3 11. bxc3 Nd5 12. Rb1 Ba6 13. 0-0 h6 14. Rb2 Nd7 15. Rfb1 Rb8 16. g3 0-0 17. Kh1 Qe7 18. Qc1 Rfd8 19. Bd1 Nc7 20. Bc2 Nd5 21. Bxh6 f6 22. Bd2 Rf8 23. Qd1 Qf7 24. Be1 fxe5 25. Nxe5 Nxe5 26. dxe5 Qf3+ 27. Qxf3 Rxf3 28. Bd1 Rf7 29. Kg2 Rf5 30. f4 g5 31. Bg4 Ne3+ 32. Kf3 Nxg4 33. Kxg4 gxf4 34. gxf4 Kf7 35. Rd2 Rg8+ 36. Kf3 Ke7 37. Rd6 Bb7 38. Bh4+ Ke8 39. Rbd1 c5+ 40. Ke3 Bd5 41. Rd8+ Kf7 42. Rxg8 Kxg8 43. axb5 Rh5 44. Rg1+ Kf7 45. Bg3 Rh8 46. b6 Rb8 47. Rb1 a4 48. Ra1 Ra8 49. Rb1 a3 50. b7 Rb8 51. Ra1 Rxb7 52. Rxa3 Kg6 53. h4 Rb3 54. Rxb3 cxb3 55. Kd2 c4 56. Kc1 Kf5 57. Kb2 Bf3 58. Bh2 Bd1 59. h5 Bxh5 60. Kb1 Bd1 61. Kb2 Bc2 62. Kc1 Ke4 63. Kb2 Ke3 64. Bg3 Bf5 65. Kc1 Kd3 66. Kb2 Kd2 67. Bh2 Kd3 68. Kb1 Kxc3+ 0-1

[Event "North County CC op 190th"]
[Site "San Diego"]
[Date "2005.01.07"]
[Round "3"]
[White "Mahaffey, Sam"]
[Black "Ross, Michael"]
[Result "1-0"]
[WhiteElo "1650"]
[BlackElo "1384"]
[PlyCount "63"]
[EventDate "2004.12.10"]
[EventType "swiss"]
[EventRounds "5"]
[EventCountry "USA"]
[SourceTitle "EXT 2009"]
[Source "ChessBase"]
[SourceDate "2008.11.26"]
[SourceVersion "1"]
[SourceVersionDate "2008.11.26"]
[SourceQuality "1"]

1. c4 e5 2. g3 Nf6 3. Bg2 c6 4. d3 Bc5 5. e3 d5 6. Qc2 0-0 7. a3 Re8 8. cxd5 Bxe3 9. Bxe3 Nxd5 10. Qd2 Nxe3 11. Qxe3 Bf5 12. Be4 Bxe4 13. dxe4 Nd7 14. Nc3 Nf6 15. Rd1 Qc7 16. Nf3 Ng4 17. Qg5 Nf6 18. 0-0 h6 19. Qe3 Qc8 20. Kg2 Nh5 21. Nh4 Qg4 22. Ne2 Qe6 23. h3 b6 24. Nf5 Rad8 25. Qf3 Nf6 26. Nc3 h5 27. Rxd8 Rxd8 28. Rd1 Rxd1 29. Qxd1 g6 30. Ne3 Nh7 31. Qd8+ Nf8 32. Qc7 1-0

[Event "North County CC op 189th"]
[Site "San Diego"]
[Date "2004.10.29"]
[Round "1"]
[White "Mahaffey, Sam"]
[Black "Fries, Thomas"]
[Result "0-1"]
[WhiteElo "1655"]
[BlackElo "1950"]
[PlyCount "50"]
[EventDate "2004.10.29"]
[EventType "swiss"]
[EventRounds "5"]
[EventCountry "USA"]
[SourceTitle "EXT 2009"]
[Source "ChessBase"]
[SourceDate "2008.11.26"]
[SourceVersion "1"]
[SourceVersionDate "2008.11.26"]
[SourceQuality "1"]

1. c4 c6 2. g3 d5 3. cxd5 cxd5 4. Bg2 Nf6 5. Nf3 Nc6 6. 0-0 Bf5 7. Qb3 Qd7 8. d4 e6 9. e3 Bd6 10. a3 0-0 11. Nbd2 Rac8 12. Nh4 Na5 13. Qd1 Bc2 14. Qe2 Nb3 15. Nxb3 Bxb3 16. Re1 Rc2 17. Qd3 Qa4 18. Nf3 Ne4 19. Re2 Rfc8 20. Rxc2 Rxc2 21. Ne1 Nxf2 22. Qxc2 Bxc2 23. Kxf2 Be4 24. Bf1 g6 25. Nd3 Qc2+ 0-1

[Event "North County CC op 188th"]
[Site "San Diego"]
[Date "2004.10.15"]
[Round "4"]
[White "Mahaffey, Sam"]
[Black "Ross, Michael"]
[Result "1-0"]
[WhiteElo "1655"]
[BlackElo "1292"]
[PlyCount "43"]
[EventDate "2004.09.24"]
[EventType "swiss"]
[EventRounds "5"]
[EventCountry "USA"]
[SourceTitle "EXT 2009"]
[Source "ChessBase"]
[SourceDate "2008.11.26"]
[SourceVersion "1"]
[SourceVersionDate "2008.11.26"]
[SourceQuality "1"]

1. c4 e6 2. g3 Nf6 3. Bg2 c6 4. Nf3 d5 5. cxd5 cxd5 6. d4 Nc6 7. 0-0 Be7 8. a3 0-0 9. Nc3 a6 10. Na4 b5 11. Nc5 Bxc5 12. dxc5 Bb7 13. b4 a5 14. Rb1 Ne4 15. Qd3 Ba6 16. Nd2 Nf6 17. Rd1 Qc7 18. Nf3 Ne4 19. Ng5 Ne5 20. Qd4 Rad8 21. Bf4 f6 22. Nxe6 1-0

[Event "North County CC op 188th"]
[Site "San Diego"]
[Date "2004.09.24"]
[Round "1"]
[White "Nelson, Tom"]
[Black "Mahaffey, Sam"]
[Result "1-0"]
[WhiteElo "2081"]
[BlackElo "1648"]
[PlyCount "75"]
[EventDate "2004.09.24"]
[EventType "swiss"]
[EventRounds "5"]
[EventCountry "USA"]
[SourceTitle "EXT 2009"]
[Source "ChessBase"]
[SourceDate "2008.11.26"]
[SourceVersion "1"]
[SourceVersionDate "2008.11.26"]
[SourceQuality "1"]

1. d4 d5 2. Nf3 Nf6 3. e3 Bf5 4. c4 c6 5. Nc3 dxc4 6. Bxc4 Bg6 7. Ne5 Nbd7 8. Nxg6 hxg6 9. Qb3 Nd5 10. Nxd5 cxd5 11. Bxd5 e6 12. Bf3 Rc8 13. Qxb7 Qc7 14. Qxc7 Rxc7 15. Bd2 Bd6 16. h3 0-0 17. 0-0 Rb8 18. Bc3 Nb6 19. Ba5 Rcc8 20. b3 Nd5 21. Bxd5 exd5 22. Rac1 Ba3 23. Rxc8+ Rxc8 24. Rd1 Rc2 25. Rd2 Rc1+ 26. Kh2 Bd6+ 27. g3 f5 28. Kg2 Kf7 29. h4 Rc6 30. Kf3 Rc8 31. Ke2 Ke7 32. Kd3 Kd7 33. Rc2 Rxc2 34. Kxc2 Kc6 35. b4 a6 36. Kb3 Kb5 37. Bd8 Bxb4 38. a4+ 1-0

[Event "North County CC op 186th"]
[Site "San Diego"]
[Date "2004.07.23"]
[Round "2"]
[White "Ross, Michael"]
[Black "Mahaffey, Sam"]
[Result "1/2-1/2"]
[WhiteElo "1421"]
[BlackElo "1637"]
[PlyCount "86"]
[EventDate "2004.07.16"]
[EventType "swiss"]
[EventRounds "5"]
[EventCountry "USA"]
[SourceTitle "EXT 2009"]
[Source "ChessBase"]
[SourceDate "2008.11.26"]
[SourceVersion "1"]
[SourceVersionDate "2008.11.26"]
[SourceQuality "1"]

1. d4 d5 2. c4 c6 3. Nf3 e6 4. Nc3 dxc4 5. Bf4 b5 6. a3 Bb7 7. e3 Nf6 8. Be2 Nd5 9. Bg3 a6 10. 0-0 Bd6 11. Bxd6 Qxd6 12. Ne4 Qc7 13. Nc5 Bc8 14. Qc2 Nd7 15. Nxd7 Qxd7 16. Ne5 Qd6 17. Bf3 0-0 18. Be4 f5 19. Bf3 Bb7 20. Bxd5 Qxd5 21. f3 c5 22. Qc3 f4 23. dxc5 Rad8 24. e4 Qxc5+ 25. Kh1 Rd4 26. Ng4 Rfd8 27. Nf2 Rd2 28. b4 Qg5 29. Rad1 Rxd1 30. Rxd1 Rxd1+ 31. Nxd1 Qf6 32. Qxf6 gxf6 33. Nc3 Kf7 34. Kg1 e5 35. Kf2 Ke6 36. Ke2 f5 37. Kf2 Bc6 38. Ke2 h5 39. h4 fxe4 40. fxe4 Kd6 41. Kf3 Kc7 42. Ke2 Kb6 43. Kd2 a5 1/2-1/2

[Event "North County CC op 183rd"]
[Site "San Diego"]
[Date "2004.04.02"]
[Round "3"]
[White "Mahaffey, Sam"]
[Black "Sullivan, Greg"]
[Result "1/2-1/2"]
[WhiteElo "1595"]
[BlackElo "1803"]
[PlyCount "105"]
[EventDate "2004.03.12"]
[EventType "swiss"]
[EventRounds "5"]
[EventCountry "USA"]
[SourceTitle "EXT 2009"]
[Source "ChessBase"]
[SourceDate "2008.11.26"]
[SourceVersion "1"]
[SourceVersionDate "2008.11.26"]
[SourceQuality "1"]

1. c4 c5 2. g3 g6 3. Bg2 Bg7 4. Nc3 Nc6 5. a3 Nf6 6. Rb1 0-0 7. b4 cxb4 8. axb4 d6 9. d4 a6 10. Nf3 Bf5 11. Rb3 Rb8 12. Nh4 Bd7 13. 0-0 b5 14. cxb5 axb5 15. Qd3 Na7 16. h3 e6 17. d5 e5 18. Ra3 Rb7 19. Be3 Qb8 20. Rfa1 Nc8 21. Bd2 Ne7 22. e4 Nc8 23. Be3 Ne7 24. Nf3 Qc7 25. Nd2 Rfb8 26. Bf1 Ne8 27. Ra7 f5 28. Rxb7 Rxb7 29. f3 Qb8 30. Nb3 Qc7 31. Ra5 Qc4 32. Na2 Qxd3 33. Bxd3 fxe4 34. fxe4 Bxh3 35. Bxb5 Nc7 36. Bd3 Bd7 37. Ra7 Rxa7 38. Bxa7 Bb5 39. Bxb5 Nxb5 40. Be3 Nc8 41. Kf2 Kf7 42. Ke2 Ke8 43. Kd3 Kd7 44. Nc3 Nxc3 45. Kxc3 Bf6 46. Na5 Bd8 47. Kc4 Bb6 48. Bxb6 Nxb6+ 49. Kb5 Kc7 50. Nc6 h5 51. Ne7 g5 52. Nf5 Nd7 53. Kc4 1/2-1/2